Crowdfunding - the future of finance for generation Y?

Empirický výskum zameraný na zber a získanie znalostí poľskej generácie Y o novej metóde finančného zabezpečenia (crowfunding). Hlavné zistenia a odporúčania autorov.

Guardado en:
Detalles Bibliográficos
Autor principal: Waszkiewicz, Aneta Ewa
Formato: Capítulo de libro
Lenguaje:inglés
Materias:
Etiquetas: Agregar Etiqueta
Sin Etiquetas, Sea el primero en etiquetar este registro!

MARC

LEADER 00000nla a2200000 4500
001 0228282
005 20240417075112.3
041 0 |a eng 
044 |a CZ 
245 1 0 |a Crowdfunding - the future of finance for generation Y?  |c Aneta Ewa Waszkiewicz 
520 |a Empirický výskum zameraný na zber a získanie znalostí poľskej generácie Y o novej metóde finančného zabezpečenia (crowfunding). Hlavné zistenia a odporúčania autorov. 
610 2 0 |a zdroje finančné 
610 2 0 |a pôžičky 
610 2 0 |a fundraising 
610 2 0 |a mladiství 
610 2 0 |a prieskum 
100 1 |a Waszkiewicz, Aneta Ewa